Normal view
MARC view
Entry Personal Name
001 - CONTROL NUMBER
- control field: 8165
003 - CONTROL NUMBER IDENTIFIER
- control field: OSt
005 - DATE AND TIME OF LATEST TRANSACTION
- control field: 20160421124444.0
008 - FIXED-LENGTH DATA ELEMENTS
- fixed length control field: 160421|| aca||aabn | a|a d
040 ## - CATALOGING SOURCE
- Original cataloging agency: OSt
- Transcribing agency: OSt
100 ## - HEADING--PERSONAL NAME
- Personal name: Melkote,R.Srinivas;Steeves,H.Leslie;
670 ## - SOURCE DATA FOUND
- Source citation: Work cat.: (OSt): Melkote,R.Srinivas;Steeves,H.Leslie;, Communication for Development in the third World., 2001.
